| 000 | 01390cam a2200409 a 4500 | ||
|---|---|---|---|
| 001 | 15218747 | ||
| 003 | ARRUPE | ||
| 005 | 20221130113943.0 | ||
| 008 | 080313s2008 njua 001 0 eng | ||
| 010 | _a 2008924946 | ||
| 015 |
_aGBA815384 _2bnb |
||
| 016 | 7 |
_a014513711 _2Uk |
|
| 020 | _a9780470230657 (pbk.) | ||
| 020 | _a0470230657 (pbk.) | ||
| 028 | _bArrupe | ||
| 035 | _a(OCoLC)ocn191890674 | ||
| 040 |
_aUKM _cUKM _dBAKER _dBTCTA _dYDXCP _dCPL _dVP@ _dDLC |
||
| 042 |
_aukblcatcopy _alccopycat |
||
| 050 | 0 | 0 |
_aBL80.3 _b.L39 2008 |
| 082 | 0 | 4 |
_a200.9 _222 |
| 100 | 1 |
_aLazarus, William P. _952159 |
|
| 245 | 1 | 0 |
_aComparative religion for dummies / _cby William P. Lazarus and Mark Sullivan. |
| 260 |
_aHoboken, N.J. : _bWiley, _cc2008. |
||
| 300 |
_axviii, 366 p. : _bill. ; _c24 cm. |
||
| 440 | 0 | _a--For dummies | |
| 500 | _aIncludes index. | ||
| 650 | 0 |
_aAbrahamic religions. _924536 |
|
| 650 | 0 |
_aJudaism. _97715 |
|
| 650 | 0 | _aChristianity. | |
| 650 | 0 | _aIslam. | |
| 700 | 1 |
_aSullivan, Mark. _952160 |
|
| 856 | 4 | 2 |
_3Publisher description _uhttp://www.loc.gov/catdir/enhancements/fy0827/2008924946-d.html |
| 856 | 4 | 2 |
_3Contributor biographical information _uhttp://www.loc.gov/catdir/enhancements/fy0827/2008924946-b.html |
| 906 |
_a7 _bcbc _ccopycat _d2 _encip _f20 _gy-gencatlg |
||
| 942 |
_2lcc _cMONOGRAPH |
||
| 999 |
_c131618 _d131618 |
||